Drainage and sanitation, (Record no. 549109)
[ view plain ]
| 000 -LEADER | |
|---|---|
| fixed length control field | 00656cam a2200217u 4500 |
| 082 ## - DEWEY DECIMAL CLASSIFICATION NUMBER | |
| Classification number | 696.13 |
| Author Mark | BIA |
| -- | L-23, P-5 |
| 100 1# - MAIN ENTRY--PERSONAL NAME | |
| Personal name | Blake, Edwin Holmes, |
| 9 (RLIN) | 45633 |
| 245 00 - TITLE STATEMENT | |
| Title | Drainage and sanitation, |
| 250 ## - EDITION STATEMENT | |
| Edition statement | [11th ed.] |
| 260 ## - PUBLICATION, DISTRIBUTION, ETC. | |
| Place of publication, distribution, etc. | London, |
| Name of publisher, distributor, etc. | B. T. Batsford |
| Date of publication, distribution, etc. | [1956] |
| 300 ## - PHYSICAL DESCRIPTION | |
| Extent | 503 p. |
| Other physical details | illus. |
| Dimensions | 20 cm. |
| 526 ## - STUDY PROGRAM INFORMATION NOTE | |
| Program name | 0 |
| Interest level | 0 |
| Reading level | 0 |
| Title point value | 696_130000000000000_BIA |
| 650 #0 - SUBJECT ADDED ENTRY--TOPICAL TERM | |
| Topical term or geographic name entry element | Drainage, House. |
| 9 (RLIN) | 44221 |
| 650 #0 - SUBJECT ADDED ENTRY--TOPICAL TERM | |
| Topical term or geographic name entry element | Heating. |
| 9 (RLIN) | 32526 |
| 650 #0 - SUBJECT ADDED ENTRY--TOPICAL TERM | |
| Topical term or geographic name entry element | MCE |
| 9 (RLIN) | 379 |
| 650 #0 - SUBJECT ADDED ENTRY--TOPICAL TERM | |
| Topical term or geographic name entry element | Sanitary engineering. |
| 9 (RLIN) | 2530 |
| 650 #0 - SUBJECT ADDED ENTRY--TOPICAL TERM | |
| Topical term or geographic name entry element | Sanitation, Household. |
| 9 (RLIN) | 41178 |
| 650 #0 - SUBJECT ADDED ENTRY--TOPICAL TERM | |
| Topical term or geographic name entry element | Ventilation. |
| 9 (RLIN) | 32527 |
| 700 1# - ADDED ENTRY--PERSONAL NAME | |
| Personal name | Jenkins, William Rees, [from old catalog] |
| 9 (RLIN) | 45634 |
| 942 ## - ADDED ENTRY ELEMENTS (KOHA) | |
| Source of classification or shelving scheme | |
| Koha item type | Book |
| Withdrawn status | Lost status | Source of classification or shelving scheme | Damaged status | Not for loan | Permanent Location | Current Location | Date acquired | Total Checkouts | Full call number | Barcode | Date last seen | Price effective from | Koha item type |
|---|---|---|---|---|---|---|---|---|---|---|---|---|---|
| Military College of Engineering (MCE) | Military College of Engineering (MCE) | 09/16/2014 | 696.13 BIA | MCE-1985 | 09/16/2014 | 09/16/2014 | Book |
